| 000 | 00704nam a22001937a 4500 | ||
|---|---|---|---|
| 999 |
_c13079 _d13079 |
||
| 003 | AR-CdUCM | ||
| 008 | 190411b ||||| |||| 00| 0 spa d | ||
| 040 |
_aMUNICIPALIDAD PROVINCIAL DEL CUSCO _cBIBLIOTECA MUNICIPAL DEL CUSCO |
||
| 082 |
_aC / 653.18 / _bA67 |
||
| 100 |
_aArce Quiroz, Edmundo _931279 |
||
| 245 | _aTaquigrafía / | ||
| 260 |
_aCuzco : _bUniversidad Nacional del Cuzco, _c1951. |
||
| 300 |
_a70 páginas ; _c21 cm. |
||
| 505 | _aBreve reseña histórica de la taquigrafía -- grafías curvas y rectas -- posiciones -- formulación de palabras... | ||
| 650 |
_aTaquigrafía. _930640 |
||
| 650 |
_aEnseñanza de taquigrafía. _931280 |
||
| 942 |
_2ddc _cLIBROS |
||
| 945 |
_awfj _d2019-04-11 |
||